000
00322nam a22001337a 4500
008
180919b xxu||||| |||| 00| 0 eng d
020
_a
9780761965800
041
_a
eng
080
_a
316
100
_a
50
101
_a
SOC
245
_a
Counsselling Survivors Of Childhood Sexual Abuse
_c
Burke.c
942
_2
udc
_c
BK
999
_c
47979
_d
47979